| 000 | 00474nam a2200181Ia 4500 | ||
|---|---|---|---|
| 005 | 20250603145945.0 | ||
| 008 | 250603s9999 xx 000 0 und d | ||
| 020 | _a9789785261356 | ||
| 050 | _aRC 454 .A38/ | ||
| 100 | _aAkume, Gabriel Terzungwe | ||
| 245 | 0 | _aTheories of counselling and psychotherapy for Nigerian practitioners | |
| 260 | _aMakurdi | ||
| 260 | _bEagle Prints Nigeria Ltd. | ||
| 260 | _c2014 | ||
| 300 | _a213 p | ||
| 650 | _aMakurdi | ||
| 942 | _cBK | ||
| 999 |
_c43353 _d43353 |
||